[Event "3rd Chennai Open"]
[Site "Chennai IND"]
[Date "2011.01.20"]
[Round "4"]
[White "Nihal,M"]
[Black "Debashis,D"]
[Result "0-1"]
[WhiteElo "2016"]
[BlackElo "2406"]

1.d4 Nf6 2.c4 c6 3.Nc3 d5 4.e3 e6 5.Nf3 Nbd7 6.Qc2 Bd6 7.Bd3 O-O 8.O-O dxc4
9.Bxc4 b5 10.Bd3 Bb7 11.Rd1 Qb8 12.e4 e5 13.g3 Re8 14.Bg5 exd4 15.Nxd4 h6
16.Bxf6 Nxf6 17.Nce2 a6 18.Nb3 Qa7 19.Rac1 c5 20.Nxc5 Rac8 21.b4 Bxc5 22.bxc5 Nxe4
23.Bxe4 Bxe4 24.Qc3 b4 25.Qd2 Rxc5 26.Qxb4 Rce5 27.Nd4 Qa8 28.Qc3 Bb7 29.Qc7 R5e7
30.Qc3 Rc8 31.Qb2 Rxc1 32.Rxc1 Qe8 33.Qc3 Qd7 34.f3 h5 35.Kf2 Re8 36.Re1 Rd8
37.Ne2 Qd5 38.Nf4 Qxa2+ 39.Re2 Qb1 40.Nxh5 Qg6 41.Nf4 Qb6+ 42.Kg2 Rc8 43.Qe5 Qb3
44.Re3 Qa2+ 45.Re2 Qa3 46.Re3 Qb4 47.Nh5 Qg4 48.Nf4 Rc2+ 49.Kg1 Bxf3 50.Qe8+ Kh7
51.Qxf7 Bc6 52.Rd3 Qg5 53.Re3 Rc1+ 54.Kf2 Rc2+ 55.Kg1 a5 56.Qb3 Rc1+ 57.Kf2 Qb5
58.Qxb5 Bxb5 59.Rb3 Bc6 60.Rb6 a4 61.Ra6 Rc3 62.Ne2 Rc2 63.Ra5 Rb2 64.Ke3 Rb3+
65.Kd2 Be8 66.Ra8 Bc6 67.Rc8 Rb2+ 68.Ke3 Bb7 69.Rc5 a3 70.Ra5 Rb3+ 71.Kd2 Be4
72.Nc1 Rf3 73.Ra4 Bb1 74.Ne2 a2 75.h4 Rb3 76.Nc3 Rb2+ 77.Ke3 Rc2 78.Kd4 Rd2+
79.Kc4 Rg2 80.Kc5 Kh6 81.Kd6 Rc2 82.Nd5 Rg2 83.Nb4 g6 84.Kd5 Kh5 85.Ke5 Rxg3
86.Nxa2 Bxa2 87.Rxa2 Kxh4 88.Ra4+ Kg5 89.Ra5 Re3+ 90.Kd4+ Kf4 91.Ra6 Rg3
92.Rf6+ Kg5 93.Rf8 Kg4 94.Ke4 g5 95.Rf1 Kh4 96.Rf8 Ra3 97.Rf1 Kh3 98.Rh1+ Kg2
99.Rb1 g4 100.Rb2+ Kh3 101.Kf4 Rf3+ 102.Ke4 Rf8 103.Ke3 g3 104.Rb7 g2 105.Rh7+ Kg3
106.Rg7+ Kh2 107.Rh7+ Kg1 108.Ke2 Re8+  0-1

[Event "B1 Masters"]
[Site "Marianske Lazne CZE"]
[Date "2011.01.20"]
[Round "7"]
[White "Zier,O"]
[Black "Dimitrijeski,B"]
[Result "1-0"]
[WhiteElo "2131"]
[BlackElo "2233"]

1.d4 d5 2.c4 c6 3.Nc3 Nf6 4.e3 e6 5.Nf3 Nbd7 6.Qc2 Bd6 7.b3 O-O 8.Be2 a6
9.Bb2 e5 10.cxd5 cxd5 11.dxe5 Nxe5 12.O-O Be6 13.Rad1 Rc8 14.Qb1 Qa5 15.Qa1 Rc7
16.a3 Nxf3+ 17.Bxf3 d4 18.Rxd4 Qe5 19.g3 Bxb3 20.Rh4 Qe6 21.Ne2 Bc5 22.Nf4 Qe7
23.Bxf6 Qxf6 24.Qb1 h6 25.Qxb3 g5 26.Rg4 Kh8 27.Nd5 Qxf3 28.Qc3+ f6 29.Nxc7 Qxg4
30.Qxc5 Rc8 31.Qe7  1-0

[Event "73rd Tata Steel GMB"]
[Site "Wijk aan Zee NED"]
[Date "2011.01.20"]
[Round "5"]
[White "Hammer,J"]
[Black "Spoelman,W"]
[Result "1-0"]
[WhiteElo "2647"]
[BlackElo "2547"]

1.d4 d5 2.c4 c6 3.Nc3 Nf6 4.e3 e6 5.Nf3 Nbd7 6.Qc2 Bd6 7.Bd3 O-O 8.O-O dxc4
9.Bxc4 a6 10.Rd1 b5 11.Bd3 Qc7 12.Bd2 c5 13.Ne4 c4 14.Nxd6 Qxd6 15.Be2 Bb7
16.b3 Bd5 17.Qb2 Ne4 18.Ba5 Rfc8 19.Ne1 c3 20.Qc1 Bb7 21.f3 Nef6 22.e4 e5
23.Nc2 exd4 24.Rxd4 Qe5 25.Qe3 Rc6 26.Rc1 Rac8 27.Nb4 Rd6 28.Rxd6 Qxd6 29.Rxc3 Rxc3
30.Qxc3 g5 31.Nd3 g4 32.e5 Qe6 33.Qc7 gxf3 34.gxf3 Bd5 35.exf6 Qxe2 36.Qg3+  1-0

[Event "3rd Chennai Open"]
[Site "Chennai IND"]
[Date "2011.01.21"]
[Round "6"]
[White "Nabaty,T"]
[Black "Zherebukh,Y"]
[Result "1/2-1/2"]
[WhiteElo "2565"]
[BlackElo "2565"]

1.Nf3 d5 2.c4 c6 3.e3 Nf6 4.Nc3 e6 5.d4 Nbd7 6.Bd3 dxc4 7.Bxc4 b5 8.Bd3 a6
9.e4 c5 10.d5 Qc7 11.O-O c4 12.Bc2 Bb7 13.dxe6 fxe6 14.e5 Nxe5 15.Nxe5 Qxe5
16.Re1 Qd6 17.Qxd6 Bxd6 18.Rxe6+ Kd7 19.Re1 Kc7 20.Bd2 Rad8 21.Ne4 Bxe4 22.Ba5+ Kb8
23.Bxe4 Bc7 24.Bc3 Nxe4 25.Rxe4 Rhe8 26.Rxe8 Rxe8 27.b3 Re2 28.bxc4 bxc4
29.Kf1 Rc2 30.Rb1+ Kc8 31.Bxg7 Rxa2 32.Rc1 Ra4 33.Ke2 Kd7 34.Ke3 Ke6 35.h3 Kd5
36.Rd1+ Kc6 37.Bd4 Ra2 38.g4 Ra3+ 39.Ke4 Rxh3 40.Rc1 Kb5 41.Kd5 Rd3  1/2-1/2

[Event "3rd Chennai Open"]
[Site "Chennai IND"]
[Date "2011.01.21"]
[Round "6"]
[White "Yang Kaiqi"]
[Black "Stefansson,H"]
[Result "1/2-1/2"]
[WhiteElo "2391"]
[BlackElo "2580"]

1.Nf3 Nf6 2.c4 e6 3.Nc3 d5 4.d4 c6 5.e3 Nbd7 6.Qc2 Bd6 7.Bd3 O-O 8.O-O dxc4
9.Bxc4 a6 10.a4 c5 11.Rd1 cxd4 12.exd4 Qc7 13.Qe2 Re8 14.Bg5 b6 15.Rac1 Bb7
16.Bd3 Qb8 17.Ne4 Be7 18.Nxf6+ Bxf6 19.Be4 Bxg5 20.Nxg5 Nf6 21.Qf3 Bxe4 22.Nxe4 Nd5
23.Rc6 Rd8 24.Rdc1 h6 25.g3 Qb7 26.Kg2 Rab8 27.h4 Qe7 28.R6c4 Rb7 29.Rc8 Rd7
30.Qb3 Qb4 31.Rxd8+ Rxd8 32.Qxb4 Nxb4 33.Rc4 Nd3 34.Nc3 a5 35.Rc6 Rb8 36.b3 Nb4
37.Rc7 Rd8 38.Nb5 Nd5 39.Rb7 h5 40.Na3  1/2-1/2

[Event "TCh-NOR Attack-serien 2010-11"]
[Site "Oslo NOR"]
[Date "2011.01.21"]
[Round "4"]
[White "Ekeberg,C"]
[Black "Tjomsland,S"]
[Result "0-1"]
[WhiteElo "2274"]
[BlackElo "2347"]

1.Nf3 Nf6 2.c4 e6 3.Nc3 d5 4.d4 c6 5.e3 Nbd7 6.Qc2 b6 7.Bd3 Bb7 8.O-O Be7
9.b3 O-O 10.Bb2 h6 11.Qe2 Rc8 12.Rad1 Qc7 13.Ne5 Nxe5 14.dxe5 Nd7 15.f4 Nc5
16.Bb1 dxc4 17.bxc4 Rfd8 18.Rd4 Ba6 19.Rfd1 Qb8 20.Ba3 b5 21.cxb5 cxb5 22.Bb4 Rxd4
23.exd4 Na4 24.Bxe7 Nxc3 25.Qd3 g6 26.Re1 Qb7 27.Bc5 Nxb1 28.Rxb1 Qd5 29.Qe2 Bb7
30.h4 a6 31.Rb3 Kh7 32.Rg3 Bc6 33.a3 Rb8 34.Kh2 a5 35.Qd2 Ra8 36.Qe2 b4 37.axb4 axb4
38.Bxb4 Ra2 39.Qf1 Qxd4 40.Bc3 Qe4 41.Kh3 Qf5+ 42.Kh2 Qh5 43.Kh3 Be4 44.Be1 Rc2
45.Kh2 Qd1 46.Qg1 Re2 47.Ba5 Qc2 48.Bb4 Bd5 49.Qf1 Rf2 50.Qg1 Rxf4 51.Be7 Rf2
52.Bf6 Qe2 53.Bd8 Be4 54.Bf6 Qd2 55.Rg4 Bd5 56.Be7 Kg8 57.Bc5 Re2 58.Qf1 Be4
59.Be7 Rf2 60.Qg1 Bf5 61.Rg3 Qf4 62.Bd8 g5  0-1

[Event "3rd Chennai Open"]
[Site "Chennai IND"]
[Date "2011.01.22"]
[Round "7"]
[White "Arun Prasad,S"]
[Black "Ramnathan,B"]
[Result "1-0"]
[WhiteElo "2513"]
[BlackElo "2262"]

1.d4 d5 2.c4 c6 3.Nf3 Nf6 4.Nc3 e6 5.e3 Be7 6.Bd3 O-O 7.O-O Nbd7 8.b3 b6
9.Bb2 Bb7 10.Qe2 Re8 11.Ne5 Nxe5 12.dxe5 Nd7 13.f4 Nf8 14.Rad1 Qc7 15.cxd5 exd5
16.Qc2 Rad8 17.Nb5 Qb8 18.Nd4 Bc5 19.Rf3 Qc7 20.Rh3 g6 21.Rg3 a5 22.Nf5 Bc8
23.Nh6+ Kg7 24.e6+ f6 25.Nf5+ Kg8 26.Bxf6 Nxe6 27.Nh6+ Kf8 28.Bxg6 Qxf4 29.Rf3 Bxe3+
30.Kh1 Qxf3 31.gxf3 Bxh6 32.Bxe8 Rxe8 33.Qxh7 Bg7 34.Rg1  1-0

[Event "TCh-CZE 2010-11"]
[Site "Czech Rep CZE"]
[Date "2011.01.22"]
[Round "6.8"]
[White "Jedlicka,A"]
[Black "Roubalik,J"]
[Result "1/2-1/2"]
[WhiteElo "2261"]
[BlackElo "2275"]

1.Nf3 d5 2.c4 c6 3.e3 Nf6 4.Nc3 e6 5.d4 Nbd7 6.Bd3 dxc4 7.Bxc4 b5 8.Bd3 Bd6
9.O-O O-O 10.Qc2 Bb7 11.a3 Qe7 12.e4 e5 13.Ne2 g6 14.Bg5 a6 15.b4 Rfe8 16.Rad1 exd4
17.Nexd4 c5 18.bxc5 Bxc5 19.Rfe1 Bxd4 20.Nxd4 Rac8 21.Qb2 Qe5 22.f4 Qc5 23.Rc1 Qb6
24.Rxc8 Bxc8 25.e5 Nh5 26.Qf2 Ng7 27.Bb1 Nf8 28.Ba2 Nfe6 29.Nf3 Qxf2+ 30.Kxf2 Bb7
31.Rc1 Bxf3 32.gxf3 Nxg5 33.fxg5 Rxe5 34.Rc8+ Re8 35.Rc6 Ne6 36.Rxa6 Nxg5
37.Ra5 Rb8 38.h4 Ne6 39.Ra7 b4 40.Bxe6 fxe6 41.axb4 Rxb4 42.Kg3 Rb5 43.Re7  1/2-1/2

[Event "TCh-BEL 2010-11"]
[Site "Namur BEL"]
[Date "2011.01.23"]
[Round "7.1"]
[White "Hetey,L"]
[Black "Georgiev,Vl"]
[Result "0-1"]
[WhiteElo "2339"]
[BlackElo "2573"]

1.d4 Nf6 2.c4 e6 3.Nf3 d5 4.Nc3 c6 5.e3 a6 6.Bd3 dxc4 7.Bxc4 b5 8.Bd3 c5
9.a4 b4 10.Ne4 Bb7 11.Nxf6+ gxf6 12.O-O Nd7 13.Be2 Qc7 14.Bd2 Rd8 15.Rc1 Qb8
16.Qc2 Qa8 17.Ne1 Rc8 18.Qd3 f5 19.Bf3 Rg8 20.Bxb7 Qxb7 21.f3 Rd8 22.Qb3 cxd4
23.exd4 Nc5 24.dxc5 Rxd2 25.Rf2 Bh6 26.Rxd2 Bxd2 27.Rd1 Bf4 28.Qc4 Qc7 29.Qxa6 Qxc5+
30.Kf1 Ke7 31.g3 Bb8 32.Qb7+ Kf6 33.Rd7 Kg6 34.Qb5 Qe3 35.Qe2 Qc1 36.Qd2 Rc8
37.Qxc1 Rxc1 38.Rb7 Bd6 39.Ke2 Ra1 40.Ra7 Be5 41.Nd3 Bxb2 42.Nxb4 Rh1 43.h4 f4
44.gxf4 Rxh4 45.Nd3 Bd4 46.Rd7 Rh2+ 47.Kf1 Bf6 48.Nf2 Rh5 49.Ne4 Rh2 50.Nf2 Rh4
51.Ng4 h5 52.Nxf6 Kxf6 53.Rd3 Rh1+ 54.Kg2 Ra1 55.Rd4 Ke7 56.Kg3 Kf6 57.Rb4 Ra3
58.Rc4 Ra1 59.Rb4 Rg1+ 60.Kh2 Rc1 61.Kg3 Kg6 62.Rb5 Rc4 63.a5 h4+ 64.Kxh4 Rxf4+
65.Kg3 Ra4 66.Rc5 Ra3 67.Rb5 f6 68.Rc5 e5 69.Kf2 Kg5 70.Rb5 Rc3 71.Kg3 Kf5
72.Rb4 Ra3 73.Rb5 Ra2 74.Rc5 Rb2 75.Rc4 Ra2 76.Rc5 Ra4 77.Rb5 Ra3 78.Rc5 Ke6
79.Kf2 Ra2+ 80.Kg3 f5 81.f4 Ra3+ 82.Kh4 exf4 83.Kg5 Rg3+ 84.Kxf4 Rg4+ 85.Kf3 Ra4
86.Rb5 Kf6 87.Rb6+ Kg5 88.a6 Ra3+ 89.Kf2 Kg4 90.Ke2 Ra4 91.Kd3 f4 92.Rf6 Kg5
93.Rb6 f3 94.Rb8 Kf4 95.Rf8+ Kg3 96.Rf6 f2 97.Rg6+ Kf3 98.Rf6+ Kg2 99.Rg6+ Kf1  0-1

[Event "TCh-NOR Attack-serien 2010-11"]
[Site "Oslo NOR"]
[Date "2011.01.23"]
[Round "6"]
[White "Tallaksen,L"]
[Black "Hagen,Ande"]
[Result "1/2-1/2"]
[WhiteElo "2190"]
[BlackElo "2084"]

1.d4 d5 2.c4 c6 3.Nc3 Nf6 4.e3 e6 5.Nf3 Nbd7 6.Bd3 dxc4 7.Bxc4 b5 8.Bd3 Bb7
9.O-O a6 10.e4 c5 11.e5 cxd4 12.Nxb5 axb5 13.exf6 gxf6 14.Bxb5 Rg8 15.Bf4 Ra5
16.a4 Rxb5 17.axb5 Ne5 18.Nh4 Qd5 19.f3 Be7 20.Bg3 f5 21.Kh1 f4 22.Bf2 Nc4
23.Qxd4 Qxd4 24.Bxd4 Bxh4 25.Rfc1 Nd6 26.Ra7 Kd7 27.Be5 Rb8 28.Rd1 Be7 29.Bxf4 Kc7
30.Rc1+ Kd7 31.b6 Bd8 32.Rd1 Be7 33.Rc1 f6 34.Rd1 e5  1/2-1/2

[Event "TCh-NOR Attack-serien 2010-11"]
[Site "Oslo NOR"]
[Date "2011.01.23"]
[Round "6"]
[White "Monsoy,A"]
[Black "Runde,Ha"]
[Result "1-0"]
[WhiteElo "1964"]
[BlackElo "2045"]

1.c4 c6 2.Nc3 d5 3.e3 e6 4.d4 Nf6 5.Nf3 Nbd7 6.Bd3 dxc4 7.Bxc4 b5 8.Bd3 Bb7
9.a3 Qc7 10.Bd2 a6 11.b4 a5 12.Rb1 axb4 13.axb4 Nd5 14.Ne4 Ra4 15.Nc5 Nxc5
16.bxc5 Ra3 17.Qc2 Be7 18.O-O h6 19.Ra1 Ra6 20.Rxa6 Bxa6 21.Ra1 Qb7 22.Qa2 Nc7
23.Ba5 Nd5 24.e4 Nf4 25.Bf1 Qb8 26.Bd2 Nh3+ 27.gxh3 Bb7 28.Qa7 Qc8 29.Bf4 O-O
30.Bd6 Bxd6 31.cxd6 Ba8 32.Qc5 f6 33.Ra7 Qe8 34.d7 Qd8 35.Qd6 Kf7 36.Rc7  1-0

[Event "71st ch-ARM"]
[Site "Yerevan ARM"]
[Date "2011.01.23"]
[Round "6"]
[White "Grigoryan,Av"]
[Black "Ter Sahakyan,S"]
[Result "1/2-1/2"]
[WhiteElo "2580"]
[BlackElo "2541"]

1.Nf3 d5 2.c4 c6 3.e3 Nf6 4.Nc3 e6 5.d4 Nbd7 6.Bd3 dxc4 7.Bxc4 b5 8.Bd3 Bd6
9.Qc2 Bb7 10.O-O O-O 11.e4 e5 12.h3 Qe7 13.Be3 Rfe8 14.dxe5 Nxe5 15.Nxe5 Bxe5
16.Ne2 Bc7 17.Bc5 Qe5 18.f4 Qxc5+ 19.Qxc5 Bb6 20.Qxb6 axb6 21.e5 Rad8 22.Rfd1 Nd5
23.Kf2 f6 24.exf6 Nxf6 25.Nc3 Kf8 26.Bc2 b4 27.Na4 Ba6 28.Rxd8 Rxd8 29.Rd1 Rxd1
30.Bxd1 Nd7 31.Bg4 Bb5 32.Bxd7 Bxa4 33.Ke3 Ke7 34.Bf5 h6 35.Bd3 c5 36.f5 Kd6
37.b3  1/2-1/2

[Event "71st ch-ARM"]
[Site "Yerevan ARM"]
[Date "2011.01.23"]
[Round "6"]
[White "Pashikian,A"]
[Black "Andriasian,Z"]
[Result "1/2-1/2"]
[WhiteElo "2640"]
[BlackElo "2585"]

1.d4 d5 2.c4 c6 3.Nc3 Nf6 4.e3 e6 5.Nf3 Nbd7 6.Qc2 Bd6 7.Bd3 dxc4 8.Bxc4 O-O
9.O-O a6 10.Rd1 b5 11.Bd3 Bb7 12.Ng5 h6 13.Nge4 Be7 14.a3 a5 15.Bd2 Qb6 16.Nxf6+ Nxf6
17.Rab1 a4 18.Ne4 Nxe4 19.Bxe4 b4 20.axb4 Bxb4 21.Ra1 Bxd2 22.Rxd2 Qb5 23.h3 Rfb8
24.Ra3 Qb4 25.Bf3 Ra6 26.Rd1 g6 27.Rda1 Rba8 28.Qc3 Rb6 29.R3a2 Ra5 30.Qxb4 Rxb4
31.Bd1 c5 32.Rxa4 Raxa4 33.Rxa4 Rxb2 34.dxc5 Rb1 35.Rd4 Rc1 36.Kh2  1/2-1/2

[Event "3rd Chennai Open"]
[Site "Chennai IND"]
[Date "2011.01.24"]
[Round "9"]
[White "Yang Kaiqi"]
[Black "Adhiban,B"]
[Result "0-1"]
[WhiteElo "2391"]
[BlackElo "2530"]

1.d4 d5 2.c4 c6 3.Nf3 Nf6 4.Nc3 e6 5.e3 Nbd7 6.Qc2 Bd6 7.Bd3 O-O 8.O-O dxc4
9.Bxc4 b5 10.Be2 Qe7 11.Ng5 Bb7 12.Bf3 Rac8 13.Bd2 h6 14.Nge4 Nxe4 15.Qxe4 a6
16.Qb1 f5 17.e4 e5 18.exf5 exd4 19.Ne4 Ne5 20.Bh5 c5 21.Re1 Nc4 22.f6 Qe5
23.Nxd6 Qxd6 24.Re7 Qxf6 25.Rxb7 Nxd2 26.Qe1 Nc4 27.a4 Qf5 28.axb5 Nd6 29.g4 Qf4
30.Rd7 Ne4 31.Rxa6 Nf6 32.Qe6+ Kh8 33.Rf7 Rfe8 34.Re7 Rxe7 35.Qxe7 Nxh5 36.gxh5 Rf8
37.Qe2 d3 38.Qxd3 Qxf2+ 39.Kh1 Qe1+ 40.Kg2 c4 41.Qd5 Rf2+ 42.Kh3 Qe3+  0-1

[Event "Oceania Zonal"]
[Site "Rotorua NZL"]
[Date "2011.01.25"]
[Round "1.4"]
[White "Safarian,Al"]
[Black "Lane,G"]
[Result "0-1"]
[WhiteElo "2013"]
[BlackElo "2373"]

1.d4 d5 2.c4 c6 3.Nc3 Nf6 4.Nf3 e6 5.e3 Nbd7 6.Qc2 Bd6 7.Bd3 dxc4 8.Bxc4 b5
9.Bd3 O-O 10.O-O Bb7 11.Rd1 Qe7 12.e4 e5 13.dxe5 Nxe5 14.Nxe5 Bxe5 15.Ne2 Rfe8
16.f4 Bc7 17.Ng3 Bb6+ 18.Kh1 Ng4 19.Nf5 Qc5 20.Rf1 Rad8 21.Qxc5 Bxc5 22.Bc2 Nf2+
23.Kg1 Nxe4+ 24.Be3 Bxe3+ 25.Nxe3 c5 26.Rad1 Kf8 27.Rfe1 Nf6 28.Kf2 Rd4 29.g3 Be4
30.Bxe4 Rdxe4 31.h3 h5 32.Ng2 Ra4 33.a3 b4 34.Re5 bxa3 35.bxa3 Rxa3 36.Ne3 Ne4+
37.Kf3 Rxe5 38.fxe5 Ng5+ 39.Ke2  0-1

[Event "73rd Tata Steel GMB"]
[Site "Wijk aan Zee NED"]
[Date "2011.01.25"]
[Round "9"]
[White "Navara,D"]
[Black "Spoelman,W"]
[Result "1-0"]
[WhiteElo "2708"]
[BlackElo "2547"]

1.d4 d5 2.c4 c6 3.Nc3 Nf6 4.e3 e6 5.Nf3 Nbd7 6.Bd2 Bd6 7.Bd3 O-O 8.O-O dxc4
9.Bxc4 e5 10.Bb3 Qe7 11.Qc2 Bc7 12.h3 Kh8 13.a3 a5 14.Rae1 h6 15.Nh4 Nb6
16.Bxf7 Qxf7 17.dxe5 Nfd7 18.Ng6+ Kg8 19.Nxf8 Nxe5 20.f4 Nec4 21.Bc1 Qxf8
22.b3 Nxa3 23.Bxa3 Qxa3 24.Nb5 Qe7 25.Nxc7 Qxc7 26.e4 Bd7 27.e5 Nd5 28.f5 Rf8
29.Rf3 b5 30.f6 Be8 31.Qf5 gxf6 32.exf6 Qf7 33.Rg3+ Kh8 34.Rg7 Qxg7 35.fxg7+ Kxg7
36.Qe5+ Kg6 37.Qb8 Nf6 38.Re7  1-0

[Event "Gibraltar Masters"]
[Site "Caleta ENG"]
[Date "2011.01.26"]
[Round "2.18"]
[White "Battaglini,G"]
[Black "Erdos,V"]
[Result "0-1"]
[WhiteElo "2437"]
[BlackElo "2593"]

1.d4 d5 2.c4 c6 3.Nc3 Nf6 4.e3 e6 5.Nf3 Nbd7 6.Bd3 dxc4 7.Bxc4 b5 8.Bd3 Bd6
9.O-O O-O 10.Qc2 Bb7 11.a3 Qe7 12.e4 e5 13.Bg5 exd4 14.Nxd4 Bxh2+ 15.Kh1 Be5
16.Nf5 Qe6 17.f4 Bxc3 18.Qxc3 c5 19.Rae1 h6 20.Bh4 c4 21.Bc2 Kh8 22.Rd1 Bxe4
23.Bxe4 Qxe4 24.Nxg7 Nd5 25.Rxd5 Qxd5 26.Nf5+ f6 27.Qh3 Qf7 28.Bf2 h5 29.Rd1 Nb6
30.Bxb6 axb6 31.Nd6 Qg6 32.Rd5 f5 33.Nxf5 Rad8 34.Re5 Rd1+ 35.Kh2 Qg4 36.Qxg4 hxg4
37.Rxb5 Rd3 38.Nh4 Rf6 39.Rh5+ Kg8 40.Rg5+ Kf7 41.Rxg4 Rb3 42.f5 b5 43.a4 bxa4
44.Rxc4 Ra6 45.Rc2 Kf6 46.Nf3 Rb4 47.Nd2 Kxf5 48.Rc5+ Kf4 49.Nc4 Ke4  0-1

[Event "ch-CRO"]
[Site "Marija Bistrica CRO"]
[Date "2011.01.26"]
[Round "10.3"]
[White "Jovanic,O"]
[Black "Brkic,A"]
[Result "1/2-1/2"]
[WhiteElo "2489"]
[BlackElo "2564"]

1.d4 d5 2.c4 e6 3.Nc3 c6 4.e3 Nf6 5.Nf3 Nbd7 6.Bd3 dxc4 7.Bxc4 b5 8.Bd3 Bb7
9.e4 b4 10.Na4 c5 11.e5 Nd5 12.Nxc5 Nxc5 13.dxc5 Bxc5 14.O-O h6 15.Nd2  1/2-1/2

[Event "73rd Tata Steel GMC"]
[Site "Wijk aan Zee NED"]
[Date "2011.01.26"]
[Round "10"]
[White "Van der Werf,M"]
[Black "De Jong,JW"]
[Result "0-1"]
[WhiteElo "2439"]
[BlackElo "2437"]

1.c4 c6 2.Nf3 Nf6 3.Nc3 d5 4.e3 e6 5.d4 Nbd7 6.Bd3 dxc4 7.Bxc4 b5 8.Bd3 a6
9.e4 c5 10.d5 Bb7 11.O-O c4 12.dxe6 fxe6 13.Bc2 Qc7 14.Qe2 Bd6 15.Re1 e5
16.Bg5 O-O 17.Rad1 Rae8 18.Rd2 Bb4 19.Red1 Bxc3 20.bxc3 Nc5 21.Bxf6 Rxf6
22.g3 Ref8 23.Nh4 Rxf2 24.Qe3 Rxd2 25.Rxd2 Ne6 26.Nf5 Qc5 27.Qxc5 Nxc5 28.Ne7+ Kf7
29.Nf5 g6 30.Nd6+ Ke6 31.Nxb7 Nxb7 32.Kg2 Rd8 33.Rxd8 Nxd8 34.Kf2 Nb7 35.Ke2 Nc5
36.Kd2 Kd6 37.Kc1 a5 38.a3 Nd7 39.Bd1 Kc5 40.Kd2 Nf6 41.Bf3 b4 42.Kc2 Ne8
43.a4 Nd6 44.Kb2 Nc8 45.Be2 h6 46.Bf3 g5 47.g4 Ne7 48.Bd1 Ng6 49.Bf3 Nf4
50.Kc2 Kb6 51.Kd2 Nd3 52.Be2 Nb2 53.Kc2 Nxa4 54.cxb4 axb4 55.Bxc4 Kc5 56.Bb3 Nc3
57.Kd3 Nb5 58.Bd1 Nd4 59.Ba4 Nf3 60.Bd1 Ne1+ 61.Kd2 Ng2 62.Bb3 Kd4 63.Bd5 Ne3  0-1

[Event "Gibraltar Masters"]
[Site "Caleta ENG"]
[Date "2011.01.29"]
[Round "5.7"]
[White "Georgiev,Ki"]
[Black "Lemos,D"]
[Result "1/2-1/2"]
[WhiteElo "2669"]
[BlackElo "2553"]

1.d4 d5 2.c4 c6 3.Nf3 Nf6 4.Nc3 e6 5.e3 Nbd7 6.Qc2 Bd6 7.Bd3 O-O 8.O-O dxc4
9.Bxc4 b5 10.Bd3 Bb7 11.a3 a5 12.Bd2 Rc8 13.Ng5 h6 14.Nge4 Be7 15.Qb1 b4
16.axb4 axb4 17.Nxf6+ Nxf6 18.Na4 c5 19.Nxc5 Bxc5 20.dxc5 Qd5 21.e4 Qxc5
22.Be3 Qe5 23.f3 Rfd8 24.Re1 Nd7 25.Bf1 Nc5 26.Ra5 Qd6 27.Rb5 Ba6 28.e5 Qe7
29.Rxc5 Rxc5 30.Bxa6 Rxe5 31.Qc1 Qh4 32.Bf1 Rh5 33.h3 Re5 34.Bf2 Rxe1 35.Qxe1 Qf4
36.b3 Rc8 37.Be3 Qe5 38.Bc4 Rxc4 39.bxc4 b3 40.Kf2 Qb2+ 41.Kg1 Qa2 42.Bd4 b2
43.Bxb2 Qxb2 44.Qe4 Qc3 45.Kh2 g6 46.h4 Kg7 47.Kh3 Kf8 48.Qf4 Kg7 49.Qe4 Kf8
50.Kg3 Ke7 51.Kh3 Kf8 52.Kh2 Kg8 53.Kg1 Qc1+ 54.Kf2 Qd2+ 55.Kf1 Qd1+ 56.Kf2 Qd2+
57.Qe2 Qd4+ 58.Kg3 Qc3 59.Qe4 Kf8 60.Kh3 Kg8 61.g3 Qc1 62.Kg2 Qd2+ 63.Kf1 Qd1+
64.Kf2 Qd2+ 65.Qe2 Qc3 66.g4 g5 67.hxg5 hxg5 68.Kg2 Kf8 69.Qe4 Qd2+ 70.Kf1 Qd1+
71.Kf2 Qd2+ 72.Kf1 Qd1+ 73.Kf2 Qd2+ 74.Kf1 Qd1+  1/2-1/2

[Event "Gibraltar Masters"]
[Site "Caleta ENG"]
[Date "2011.01.29"]
[Round "5.19"]
[White "Onischuk,Al"]
[Black "Sarkar,J"]
[Result "1-0"]
[WhiteElo "2689"]
[BlackElo "2418"]

1.d4 d5 2.c4 c6 3.Nc3 Nf6 4.e3 e6 5.Nf3 Nbd7 6.Qc2 Bd6 7.Be2 O-O 8.O-O dxc4
9.Bxc4 a6 10.Rd1 b5 11.Bd3 Qc7 12.a4 Bb7 13.e4 e5 14.dxe5 Nxe5 15.Nxe5 Bxe5
16.g3 c5 17.axb5 c4 18.Bf1 Bxc3 19.Qxc3 axb5 20.Rxa8 Rxa8 21.f3 Rd8 22.Bf4 Qe7
23.Qe5 Qxe5 24.Rxd8+ Qe8 25.Rxe8+ Nxe8 26.Kf2 Nf6 27.Bh3 Bc6 28.Ke3 Nd7 29.Kd4 h5
30.Bd6 g6 31.e5 Kg7 32.f4 Kh6 33.Be7 Kg7 34.Bb4 Kh7 35.f5 gxf5 36.Bxf5+ Kh6
37.Be7 Kg7 38.h4 Kh6 39.Bd6 Kg7 40.Be7 Kh6 41.Bf6 Nf8 42.Kc5 Be8 43.Kd6 Ng6
44.Be4 b4 45.Kc5 c3 46.b3  1-0

[Event "Moscow Open E"]
[Site "Moscow RUS"]
[Date "2011.01.29"]
[Round "1"]
[White "Grigoryeva,O2"]
[Black "Volkov,Sergey1"]
[Result "0-1"]
[WhiteElo "2063"]
[BlackElo "2602"]

1.d4 d5 2.c4 e6 3.Nc3 c6 4.Nf3 Nf6 5.e3 a6 6.b3 Bb4 7.Bd2 O-O 8.Bd3 Nbd7
9.O-O Bd6 10.Rc1 Re8 11.h3 h6 12.Qc2 Qe7 13.e4 dxc4 14.bxc4 e5 15.d5 Nc5
16.Na4 Nxa4 17.Qxa4 b5 18.cxb5 cxd5 19.exd5 Bd7 20.Rfe1 axb5 21.Qd1 Rxa2
22.Bc3 e4 23.Bxf6 Qxf6 24.Bxe4 b4 25.Qd4 b3 26.Qxf6 gxf6 27.Bd3 Rxe1+ 28.Nxe1 Rd2
29.Rb1 b2 30.Be4 Bc5 31.Nd3 Bd4 32.g4 Bb5 33.Nb4 Bxf2+ 34.Kh1 Rd4 35.Rxb2 Rxe4
36.Rxf2 Rxb4 37.Rxf6 Kg7 38.Rb6 Rb1+ 39.Kh2 Bd3 40.Rd6 Be4 41.Rd8 Rb3 42.d6 Rd3
43.Re8 Bc6 44.Rd8 Bd5 45.Re8 Be6 46.Rd8 h5 47.gxh5 Rxh3+ 48.Kg2 Rxh5 49.Kf3 Rd5
50.Ke4 Kf6 51.Kf4 Rd4+ 52.Ke3 Ke5 53.Ra8 Rxd6 54.Ra5+ Rd5 55.Ra4 Bf5 56.Ra7 Rd3+
57.Kf2 Rd7 58.Ra5+ Kf4 59.Ra4+ Be4 60.Ra3 f5  0-1

[Event "24th MGU Open"]
[Site "Sofia BUL"]
[Date "2011.01.29"]
[Round "2.6"]
[White "Kostov,N"]
[Black "Antonov,Nikola"]
[Result "1-0"]
[WhiteElo "2005"]
[BlackElo "1704"]

1.d4 d5 2.c4 e6 3.Nf3 Nf6 4.Nc3 c6 5.e3 Be7 6.Bd3 O-O 7.Ne5 Nbd7 8.cxd5 exd5
9.h3 Nxe5 10.dxe5 Nd7 11.O-O Nxe5 12.Bxh7+ Kxh7 13.Qh5+ Kg8 14.Qxe5 Bf6 15.Qg3 g6
16.Rd1 Kg7 17.e4 Re8 18.exd5 Qb6 19.Qf3 Bf5 20.g4 Bc2 21.Rd2 Re1+ 22.Kg2 Qa6
23.Re2 Rxe2 24.Nxe2 cxd5 25.Ng3 Bh4 26.Qc3+  1-0

[Event "TCh-HUN 2010-11"]
[Site "Budapest HUN"]
[Date "2011.01.30"]
[Round "5"]
[White "Kiss,Pa1"]
[Black "Feher,Ad"]
[Result "1-0"]
[WhiteElo "2381"]
[BlackElo "2348"]

1.d4 d5 2.c4 c6 3.e3 Nf6 4.Nc3 e6 5.Nf3 Nbd7 6.Qc2 Bd6 7.Bd3 O-O 8.O-O dxc4
9.Bxc4 b5 10.Be2 Bb7 11.Rd1 Qc7 12.Bd2 Rfe8 13.Rac1 a6 14.b4 e5 15.h3 exd4
16.exd4 Nf8 17.Bd3 Ng6 18.Ne4 Nxe4 19.Bxe4 Rac8 20.Bf5 Rcd8 21.d5 Nf8 22.dxc6 Ba8
23.Bg5 f6 24.Be3 g6 25.Be4 Kg7 26.a3 Ne6 27.Nd4 Nxd4 28.Rxd4 Bh2+ 29.Kh1 Rxd4
30.Bxd4 Bf4 31.Rd1 Qe7 32.f3 Rd8 33.Bb6 Rd6 34.c7 Bxe4 35.Re1 Qd7 36.Qxe4 Be5
37.Qb7 Rxb6 38.Qxb6 Bxc7 39.Qe6 Qd2 40.Qe7+ Kg8 41.Qe3 Qxe3 42.Rxe3 Be5 43.Re2 Kf7
44.Kg1 g5 45.Kf2 Ke6 46.Ke3 h5 47.g4 hxg4 48.hxg4 Kd5 49.Kd3 Ba1 50.Re8 Bb2
51.Ra8 Bxa3 52.Kc3 Bc1 53.Rxa6 Ke5 54.Rb6 Kf4 55.Rxf6+ Kg3 56.Kd3 Ba3 57.Rf5 Bxb4
58.Rxb5 Bd6 59.Rxg5 Kxf3 60.Rd5 Be7 61.g5 Kf4 62.g6 Bf6 63.Rd7  1-0

[Event "Gibraltar Masters"]
[Site "Caleta ENG"]
[Date "2011.01.30"]
[Round "6.20"]
[White "Battaglini,G"]
[Black "Buhmann,R"]
[Result "1/2-1/2"]
[WhiteElo "2437"]
[BlackElo "2572"]

1.d4 d5 2.c4 e6 3.Nf3 c6 4.e3 Nf6 5.Nc3 a6 6.b3 Bb4 7.Bd2 Bd6 8.Bd3 c5 9.O-O O-O
10.Qe2 Nc6 11.Rad1 b6 12.Bb1 Bb7 13.dxc5 bxc5 14.e4 Nd4 15.Nxd4 cxd4 16.e5 dxc3
17.Bxc3 Be7 18.exf6 Bxf6 19.Bxf6 Qxf6 20.cxd5 Bxd5 21.f4 Rfd8 22.f5 e5 23.Rfe1 Bb7
24.Rxd8+ Rxd8 25.Qxe5 Qxe5 26.Rxe5 f6 27.Re7 Rd1+ 28.Kf2 Rxb1 29.Rxb7 Rb2+
30.Kf3 Rxa2 31.Rb8+ Kf7 32.Rb7+ Kg8 33.Rb8+ Kf7 34.Rb7+  1/2-1/2

[Event "Moscow Open F Women"]
[Site "Moscow RUS"]
[Date "2011.01.30"]
[Round "2.16"]
[White "Drozdova,D"]
[Black "Sviridova,Vlada"]
[Result "1/2-1/2"]
[WhiteElo "2203"]
[BlackElo "2052"]

1.d4 d5 2.c4 c6 3.Nc3 Nf6 4.e3 e6 5.Nf3 Nbd7 6.Qc2 Bd6 7.Bd3 O-O 8.O-O dxc4
9.Bxc4 b5 10.Bd3 Bb7 11.Bd2 a6 12.Ng5 h6 13.Nge4 Be7 14.Nxf6+ Nxf6 15.Ne4 Nxe4
16.Bxe4 a5 17.a3 b4 18.Rfc1 Qb6 19.Qd1 Rfc8 20.Qh5 f5 21.Bd3 c5 22.Qg6 Bf6
23.axb4 cxb4 24.Bc4 Qd6 25.Bb3 Bd5 26.Bd1 Qd7 27.g4 Be4 28.Bb3 Bd5 29.Bc2 Qb5
30.b3 Qe2 31.gxf5 Qxd2 32.fxe6 Bxe6 33.Qe4 Bf7 34.Kg2 Rd8 35.Qh7+ Kf8 36.Be4 Qe2
37.Bf3 Qb5 38.Rc7 Bg8 39.Qe4 Bd5 40.Qh7 Bg8 41.Qc2 Ra6 42.Rc5 Qd7 43.Qd3 Ra7
44.Raxa5 Rxa5 45.Rxa5 Qc7 46.Qb5 Rb8 47.Qa4 Bxb3 48.Qa1 Bf7 49.Ra7 Qb6 50.Ra6 Qb5
51.Ra5 Qc4 52.Ra8 Rxa8 53.Qxa8+ Be8 54.Bd5 Qb5 55.Kf3 Be7 56.Bb3 Qc6+ 57.Qxc6 Bxc6+
58.e4 Bd6 59.h3 Ke7 60.Ke3 g5 61.e5 Bc7 62.d5 Bb6+ 63.Ke4 Bb7 64.f4 gxf4
65.Kxf4 Bd4 66.h4 Bf2 67.h5 Ba6 68.d6+ Kd7 69.Ba4+ Ke6 70.Bb3+ Kd7  1/2-1/2

[Event "TCh-HUN 2010-11"]
[Site "Paks HUN"]
[Date "2011.01.30"]
[Round "5"]
[White "Szabo,Ben"]
[Black "Eltigani,O"]
[Result "0-1"]
[WhiteElo "2375"]
[BlackElo "2246"]

1.d4 d5 2.c4 c6 3.e3 Nf6 4.Nc3 e6 5.Nf3 Nbd7 6.Qc2 Bd6 7.b3 O-O 8.Be2 Re8
9.Bb2 e5 10.O-O-O exd4 11.Nxd4 Nb6 12.cxd5 Nbxd5 13.Bc4 Bg4 14.Be2 Bxe2 15.Ndxe2 Qa5
16.Kb1 Nb4 17.Qd2 Qf5+ 18.Kc1 Be5 19.Nd4 Bxd4 20.exd4 Rad8 21.Ba3 Rxd4 22.Bxb4 Rxd2
23.Rxd2 a5 24.Bd6 b5 25.f3 b4 26.Na4 Nd5 27.Bg3 Qf6 28.Rb2 h6 29.Kb1 Qd4
30.Rc1 Qd3+ 31.Ka1 Re2 32.Bf2 Rxb2 33.Kxb2 Qg6 34.Bg3 Ne3 35.Nb6 Qd3 36.Nc4 Qe2+
37.Kb1 Nd1 38.Be5 f6 39.Ba1 h5 40.a4 Qd3+ 41.Ka2 Nc3+ 42.Kb2 Ne2 43.Rb1 Qc3+  0-1